Vplyv elektrického prúdu na včely

Bibliographic Details
Main Authors: Galuszkowa, H. (Author), Lisiecki, Jerzy (Author)
Other Authors: Kuchar, B. (Translator)
Format: Article
Language:Slovak

MARC

LEADER 00000nab a2200000ua 4500
001 vtls010786979
003 SK-MaSNL
005 20260303120240.0
008 230131s1972 xo |||||||||||||||||slo|
035 |a (urnnbn)urn:nbn:sk:snk:ar-a001lc 
035 |a (uuid)3af1aa1b-9a67-496b-a267-e11f5888401b 
035 |a urn:nbn:sk:snk-ab4z55 
040 |a SNKBUCL  |b slo  |c SNKBUCL  |e AACR2 
041 0 |a slo 
044 |a xo  |c SK 
100 1 |a Galuszkowa, H.  |4 aut  |9 1132686 
245 1 0 |a Vplyv elektrického prúdu na včely  |c H. Galuszkowa, B. Kuchar, Jerzy Lisiecki 
700 1 |a Kuchar, B.  |4 trl  |9 495952 
700 1 |a Lisiecki, Jerzy  |4 aut  |9 1132687 
773 0 |t Včelár : odborný časopis Povereníctva poľnohospodárstva a lesného hospodárstva a Ústredia včelárskych združení na Slovensku  |g Roč. 46, č. 9 (1972), s. 206-207 
954 |a odborná, vedecká literatúra pôvodná (slovenská)  |2 lita 
958 |a OND 
958 |a EUIPO 
958 |a article3 
999 |c 1908412  |d 1910342